000
00308nam a22001457a 4500
008
221111b ||||| |||| 00| 0 eng d
020
_a
8852240155
041
_a
eng
080
_a
32
082
_a
32 FEA
100
_a
32
101
_a
JUR
245
_a
ELECTRICITY & MATTER
_c
FEATHER N
942
_2
udc
_c
BK
999
_c
58857
_d
58857